005370000a22001810004500060000800000082001900008100001600027100001700043100001800060245004300078260005400121260000900175300000800184650002000192942000700212999001900219952011700238 a100 a581.954 03 UMR aJohri, B.M. aUmrao, Singh aWadhwai, A.M. aDictionary of economic plants in India aNewDelhi, Indian council of agricultural research c1965 a288 aEconomic plants cBK c352708d352708 00104070aKAUCOAVbKAUCOAVd2014-05-02l0o581.954 03 UMRpKAU_COAV-25105r2014-05-02 00:00:00w2014-05-02yBK